000
00254nam a2200109Ia 4500
008
200302s9999 xx 000 0 und d
100
_a
DAMDI
245
_a
DIDI 2 Design Idea Dictionary
260
_b
DAMDI Publishing co.
260
_c
2013
300
_a
140
999
_c
6568
_d
6568